000 01292nam a22003617a 4500
003 CHAP
005 20220329135443.0
008 971013s1977 r 00010 d
010 _a36765
011 _a37737
035 _a41857
040 _cCHAP
090 _aTesis
100 0 0 _aOrtiz Barrera, Ramón.
_983936
245 _aFormación de progenitores de resistencia en trigo a Puccinia graminis f. sp tritici Erikss. y Henne. y a Puccinia striiformis West. a partir de ls variedades Santa Elena y Bonza 55
260 _aChapingo, Méx. :
_bEl autor,
_c1977
300 _a43 h.
502 _aTesis (Ing. Agr. Esp. en Parasitología) -- ENA. Departamento de Parasitología
590 _aALEPH
_b10
_c20130110
_lUCH01
_h1302
590 _aBATCH-UPD
_b10
_c20130110
_lUCH01
_h1411
590 _aBATCH-UPD
_b10
_c20130410
_lUCH01
_h0857
590 _aBATCH-UPD
_b10
_c20130914
_lUCH01
_h1946
590 _aCONVERSION
_b10
_c20130109
_lUCH01
_h1321
650 1 4 _aPuccinia graminis.
_992822
650 1 4 _aPuccinia striiformis.
_992831
650 1 4 _aRoya del trigo.
_9100390
650 1 4 _aTrigo
_xEnfermedades.
_9115017
650 1 4 _aTrigo
_xVariedades.
_9115119
901 _aBK
942 _cFOLL
949 _bBC
_cTES
_d-96265
_eTS1
_i41857
_si
949 _bBC
_cTES
_d-96266
_eTS2
_fc.2
_i41857
_si
999 _c36765
_d36765